[Event "Bosnjaci op 20th"]
[Site "Bosnjaci"]
[Date "2015.01.07"]
[Round "7"]
[White "Lukic, Milutin"]
[Black "Bobanac, Miro"]
[Result "0-1"]
[WhiteElo "1953"]
[BlackElo "2270"]
[PlyCount "78"]
[EventDate "2015.01.03"]
[EventType "swiss"]
[EventRounds "9"]
[EventCountry "CRO"]
[SourceTitle "CBM 164 Extra"]
[Source "ChessBase"]
[SourceDate "2015.03.02"]
[SourceVersion "1"]
[SourceVersionDate "2015.03.02"]
[SourceQuality "1"]

1. d4 Nf6 2. Nf3 e6 3. Bg5 Be7 4. e3 c5 5. c3 a6 6. Bd3 b5 7. Bxf6 gxf6 8. dxc5 Bxc5 9. Be4 d5 10. Bc2 Nc6 11. a4 b4 12. Nd4 Nxd4 13. cxd4 Bd6 14. b3 f5 15. g3 h5 16. h4 Bb7 17. Nd2 Qd7 18. Bd3 f6 19. Rc1 e5 20. Be2 Qh7 21. 0-0 Kd7 22. dxe5 fxe5 23. Nf3 Rag8 24. e4 fxe4 25. Ng5 Rxg5 26. hxg5 Qg6 27. Kg2 Qxg5 28. Rh1 h4 29. Bg4+ Ke7 30. gxh4 Qf4 31. Rh3 d4 32. Rc2 d3 33. Rc4 Rg8 34. Rg3 e3+ 35. f3 e4 36. Rh3 e2 37. Qe1 Rxg4+ 38. fxg4 Qxg4+ 39. Kf2 Qxh3 0-1

[Event "Topusko op 3rd"]
[Site "Topusko"]
[Date "2014.08.12"]
[Round "6"]
[White "Yao, Stefano"]
[Black "Lukic, Milutin"]
[Result "1-0"]
[WhiteElo "2185"]
[BlackElo "1983"]
[PlyCount "149"]
[EventDate "2014.08.08"]
[EventType "swiss"]
[EventRounds "9"]
[EventCountry "CRO"]
[SourceTitle "CBM 162 Extra"]
[Source "ChessBase"]
[SourceDate "2014.10.17"]
[SourceVersion "1"]
[SourceVersionDate "2014.10.17"]
[SourceQuality "1"]

1. Nf3 Nf6 2. d4 c6 3. c4 d5 4. Nc3 e6 5. e3 g6 6. Bd3 Bg7 7. 0-0 Nbd7 8. Qc2 0-0 9. b3 Re8 10. Bb2 a6 11. Rad1 b5 12. Ne2 Bb7 13. Ng3 Rc8 14. c5 a5 15. e4 dxe4 16. Bxe4 Nd5 17. Rfe1 N7f6 18. Ne5 Nd7 19. Bf3 Qc7 20. a3 Rcd8 21. Ne4 Nxe5 22. dxe5 Re7 23. Nd6 Red7 24. h4 b4 25. a4 Ba6 26. g3 Bb7 27. Kg2 Ne7 28. h5 Nf5 29. Bg4 Qb8 30. Bxf5 gxf5 31. h6 Bxh6 32. Bc1 Rxd6 33. exd6 Bg7 34. Bb2 Rd7 35. Bxg7 Kxg7 36. Qb2+ Kg8 37. Rh1 Qf8 38. Qf6 Qg7 39. Qxg7+ Kxg7 40. Rh4 Ba6 41. Rdh1 Bd3 42. Rxh7+ Kf6 43. Re1 Bc2 44. Rh8 Bxb3 45. Ra8 Bxa4 46. Rxa5 Bc2 47. Ra6 b3 48. Rb6 e5 49. Ra1 Ke6 50. Rb4 Kd5 51. Ra5 f6 52. Kf3 Rh7 53. Ke2 f4 54. gxf4 exf4 55. Kd2 f3 56. Kc3 Rd7 57. Kb2 f5 58. Rh4 Be4 59. Kxb3 Kd4 60. Rh1 Rb7+ 61. Ka2 Kc3 62. Ka1 Kb4 63. Ra8 Kxc5 64. Rd8 Kc4 65. Rc1+ Kd3 66. Ra8 Kd2 67. Rh1 Rd7 68. Ra2+ Bc2 69. Rh4 c5 70. Rc4 Kd3 71. Rcxc2 c4 72. Rd2+ Kc3 73. Rac2+ Kb3 74. Kb1 f4 75. Rd4 1-0

[Event "CRO-chT qual"]
[Site "Kastel Kambelovac"]
[Date "2014.??.??"]
[Round "3"]
[White "Lukic, Milutin"]
[Black "Zufic, Miroslav"]
[Result "0-1"]
[WhiteElo "1988"]
[BlackElo "2461"]
[PlyCount "105"]
[EventDate "2014.11.??"]
[EventType "team-tourn"]
[EventRounds "3"]
[EventCountry "CRO"]
[SourceTitle "EXT 2016"]
[Source "ChessBase"]
[SourceDate "2015.10.08"]
[SourceVersion "1"]
[SourceVersionDate "2015.10.08"]
[SourceQuality "1"]

1. d4 Nf6 2. Nc3 d5 3. a3 c5 4. Nf3 cxd4 5. Qxd4 Nc6 6. Qh4 e5 7. Bg5 Be7 8. 0-0-0 Qa5 9. Qa4 Qxa4 10. Nxa4 Be6 11. Bxf6 Bxf6 12. Nc5 e4 13. Ne1 0-0-0 14. e3 Bf5 15. c3 h5 16. h3 b6 17. Nb3 Kc7 18. Nc2 h4 19. Bb5 Ne7 20. Ncd4 Bc8 21. Be2 Bg5 22. Kb1 f5 23. c4 Bf6 24. c5 Bd7 25. Rc1 Kb7 26. cxb6 axb6 27. Nb5 Be5 28. N5d4 Rh6 29. f4 Bd6 30. Bb5 Rg6 31. Rc2 Rg3 32. Re1 g5 33. fxg5 Rxg5 34. Bxd7 Rxd7 35. Rf1 Rc7 36. Re2 Rc8 37. Ne6 Rg6 38. Nbd4 Be5 39. Nf4 Rg3 40. Nfe6 Rg6 41. Nf4 Rh6 42. Rd2 Rf8 43. Nb5 Bxf4 44. Rxf4 Kc6 45. Nd4+ Kd6 46. Rc2 Ke5 47. Rc7 Ng6 48. Rf1 f4 49. Rc6 fxe3 50. Re1 Rf6 51. Rc8 Nf4 52. Re8+ Kxd4 53. Rc1 0-1

[Event "Vukovar Srijem CupT 6th"]
[Site "Tompojevci"]
[Date "2013.03.10"]
[Round "4.1"]
[White "Lukic, Milutin"]
[Black "Stocko, Josip"]
[Result "1-0"]
[WhiteElo "1997"]
[BlackElo "2197"]
[PlyCount "81"]
[EventDate "2013.03.08"]
[EventType "team-swiss"]
[EventRounds "5"]
[EventCountry "CRO"]
[SourceTitle "EXT 2014"]
[Source "ChessBase"]
[SourceDate "2013.11.20"]
[SourceVersion "1"]
[SourceVersionDate "2013.11.20"]
[SourceQuality "1"]
[WhiteTeam "Borovo Vukovar"]
[BlackTeam "Vinkovci"]
[WhiteTeamCountry "CRO"]
[BlackTeamCountry "CRO"]

1. d4 Nf6 2. Nf3 e6 3. c3 b6 4. Bg5 Bb7 5. Nbd2 h6 6. Bh4 d5 7. e3 Nbd7 8. Ne5 Be7 9. Bb5 0-0 10. Nxd7 Nxd7 11. Bxe7 Qxe7 12. Bxd7 Qxd7 13. 0-0 c5 14. f4 Rac8 15. Nf3 f6 16. h4 Qf7 17. Kh2 Qh5 18. Rg1 Qg4 19. g3 Rce8 20. Rg2 Ba6 21. Rf2 Bc8 22. Ng1 Qf5 23. Qf3 Bb7 24. g4 Qd3 25. Rd1 Qa6 26. a3 e5 27. dxe5 fxe5 28. f5 b5 29. Qg3 Kh8 30. Rdf1 d4 31. g5 Qc6 32. Nh3 Qe4 33. gxh6 gxh6 34. Qg6 Qxh4 35. f6 Rf7 36. Qxf7 Rg8 37. Qxg8+ Kxg8 38. f7+ Kf8 39. Rg1 Qxf2+ 40. Nxf2 dxe3 41. Ng4 1-0

[Event "CRO-chT2 East"]
[Site "Croatia"]
[Date "2011.04.02"]
[Round "2"]
[White "Lukic, Milutin"]
[Black "Djukic, Zeljko"]
[Result "0-1"]
[WhiteElo "2092"]
[BlackElo "2275"]
[PlyCount "61"]
[EventDate "2011.04.02"]
[EventType "tourn"]
[EventRounds "11"]
[EventCountry "CRO"]
[SourceTitle "EXT 2014"]
[Source "ChessBase"]
[SourceDate "2013.11.20"]
[SourceVersion "1"]
[SourceVersionDate "2013.11.20"]
[SourceQuality "1"]

1. d4 Nf6 2. c3 g6 3. Nf3 Bg7 4. Bg5 d6 5. Nbd2 0-0 6. e3 c5 7. Bd3 Nc6 8. h4 h5 9. Bxf6 exf6 10. Qc2 Be6 11. 0-0-0 Qa5 12. a3 b5 13. dxc5 dxc5 14. Be4 Rfc8 15. Nb3 Qb6 16. Rd6 f5 17. Bd5 Bxd5 18. Rxd5 b4 19. c4 bxa3 20. Rxc5 axb2+ 21. Kb1 Nb4 22. Rxc8+ Rxc8 23. Qd2 Qa6 24. Qxb4 Qa1+ 25. Kc2 Qxh1 26. Ne1 Qxh4 27. Nd2 Qxf2 28. Nd3 Qxe3 29. Nxb2 Bxb2 30. Qxb2 Rd8 31. Qc3 0-1

[Event "Treber Memorial 5th"]
[Site "Vinkovci"]
[Date "2008.09.11"]
[Round "9"]
[White "Hodak, Stevo"]
[Black "Lukic, Milutin"]
[Result "1-0"]
[WhiteElo "2172"]
[BlackElo "2131"]
[PlyCount "111"]
[EventDate "2008.09.05"]
[EventType "swiss"]
[EventRounds "9"]
[EventCountry "CRO"]
[SourceTitle "CBM 126 Extra"]
[Source "ChessBase"]
[SourceDate "2008.11.05"]
[SourceVersion "1"]
[SourceVersionDate "2008.11.05"]
[SourceQuality "1"]

1. e4 c6 2. Nf3 d5 3. exd5 cxd5 4. d4 Nc6 5. c4 Nf6 6. Nc3 e6 7. Be2 Bb4 8. 0-0 0-0 9. a3 Bxc3 10. bxc3 h6 11. h3 b6 12. Ne5 Bb7 13. Bf3 Nxe5 14. dxe5 Ne4 15. cxd5 Nxc3 16. Qb3 Nxd5 17. a4 Qc7 18. Ba3 Qxe5 19. Bxf8 Rxf8 20. a5 Qd6 21. Rfd1 Qc5 22. axb6 Qxb6 23. Qxb6 axb6 24. Rdb1 g6 25. Bxd5 Bxd5 26. Rxb6 Rc8 27. Rd6 Rc7 28. h4 h5 29. Rd1 Kg7 30. Rd2 Rc4 31. f3 Rxh4 32. Kf2 g5 33. Rc2 Kf6 34. Rc7 g4 35. Rdd7 gxf3 36. Rxf7+ Ke5 37. gxf3 Ra4 38. Ke3 Ra3+ 39. Kf2 h4 40. Rc8 Ra2+ 41. Kg1 h3 42. Rh8 Rg2+ 43. Kh1 Rg3 44. Rh5+ Kd6 45. Kh2 Rg2+ 46. Kxh3 Rb2 47. Kg3 Rb1 48. Rhh7 Rc1 49. f4 Rc6 50. Kh4 Rc8 51. Kg5 Rg8+ 52. Rhg7 Rh8 53. Rd7+ Kc5 54. Kf6 Rh5 55. Rg5 Rh4 56. Ke5 1-0

[Event "Treber Memorial 5th"]
[Site "Vinkovci"]
[Date "2008.09.08"]
[Round "6"]
[White "Lukic, Milutin"]
[Black "Stocko, Josip"]
[Result "0-1"]
[WhiteElo "2131"]
[BlackElo "2011"]
[PlyCount "68"]
[EventDate "2008.09.05"]
[EventType "swiss"]
[EventRounds "9"]
[EventCountry "CRO"]
[SourceTitle "CBM 126 Extra"]
[Source "ChessBase"]
[SourceDate "2008.11.05"]
[SourceVersion "1"]
[SourceVersionDate "2008.11.05"]
[SourceQuality "1"]

1. d4 Nf6 2. c3 g6 3. Bg5 Bg7 4. e3 0-0 5. Bd3 d6 6. Nd2 c6 7. Ne2 Qa5 8. Bf4 Nbd7 9. b4 Qd8 10. 0-0 e5 11. Bg5 h6 12. Bh4 Qc7 13. Qb3 Kh8 14. Rab1 Nb6 15. a4 Be6 16. Qc2 a5 17. b5 Nfd5 18. e4 Nf4 19. Nxf4 exf4 20. f3 c5 21. d5 Bc8 22. Nc4 g5 23. Bf2 Nxc4 24. Bxc4 b6 25. Qd2 Be5 26. Kh1 Qe7 27. Be2 Rg8 28. g4 Qf6 29. Kg2 h5 30. gxh5 Qh6 31. h3 g4 32. Kh1 Qxh5 33. h4 g3 34. Bg1 g2+ 0-1

[Event "Treber Memorial 5th"]
[Site "Vinkovci"]
[Date "2008.09.07"]
[Round "5"]
[White "Kurecic, Mladen"]
[Black "Lukic, Milutin"]
[Result "0-1"]
[WhiteElo "1975"]
[BlackElo "2131"]
[PlyCount "81"]
[EventDate "2008.09.05"]
[EventType "swiss"]
[EventRounds "9"]
[EventCountry "CRO"]
[SourceTitle "CBM 126 Extra"]
[Source "ChessBase"]
[SourceDate "2008.11.05"]
[SourceVersion "1"]
[SourceVersionDate "2008.11.05"]
[SourceQuality "1"]

1. d4 c6 2. c4 d5 3. cxd5 cxd5 4. Nf3 Nc6 5. Nc3 Nf6 6. Bf4 e6 7. e3 Bb4 8. Bd3 0-0 9. 0-0 Be7 10. h3 a6 11. a3 b5 12. b4 Bb7 13. Rc1 Rc8 14. Ne5 Nxe5 15. Bxe5 Nd7 16. Bg3 f5 17. Ne2 g5 18. Qd2 Nb6 19. Rxc8 Qxc8 20. Rc1 Nc4 21. Qa2 Qd7 22. Be5 Bd6 23. Bxc4 dxc4 24. Bxd6 Qxd6 25. f3 h5 26. Qd2 Kh7 27. Nc3 Rg8 28. e4 g4 29. hxg4 hxg4 30. e5 Qd8 31. f4 Kg6 32. Qf2 g3 33. Qd2 Qh4 34. Kf1 Qh1+ 35. Ke2 Qxg2+ 36. Kd1 Qf3+ 37. Kc2 Rh8 38. Rg1 Kf7 39. Ne2 Qb3+ 40. Kc1 Qxa3+ 41. Kc2 0-1

[Event "Novi Sad op-A"]
[Site "Novi Sad"]
[Date "2008.04.09"]
[Round "5"]
[White "Bojkovic, Slobodan"]
[Black "Lukic, Milutin"]
[Result "0-1"]
[WhiteElo "2271"]
[BlackElo "2137"]
[PlyCount "65"]
[EventDate "2008.04.06"]
[EventType "swiss"]
[EventRounds "9"]
[EventCountry "YUG"]
[SourceTitle "CBM 123 Extra"]
[Source "ChessBase"]
[SourceDate "2008.05.06"]
[SourceVersion "1"]
[SourceVersionDate "2008.05.06"]
[SourceQuality "1"]

1. e4 c6 2. d4 d5 3. Nd2 e6 4. Ngf3 Ne7 5. Bd3 Ng6 6. g3 Be7 7. Qe2 Nd7 8. h4 Bb4 9. exd5 cxd5 10. h5 Ne7 11. c3 Bd6 12. Nf1 h6 13. Bd2 b6 14. 0-0-0 a6 15. Kb1 b5 16. g4 Bb7 17. Rh4 Nf6 18. Ng3 Bxg3 19. fxg3 Ne4 20. Bf4 Rc8 21. Nd2 Nd6 22. Qe5 Nc4 23. Bxc4 dxc4 24. Qxg7 Rg8 25. Qh7 b4 26. Ka1 Qa5 27. Nb1 Bf3 28. Rd2 Bxg4 29. Rxg4 Rxg4 30. Qxh6 Qf5 31. d5 Nxd5 32. cxb4 Ke7 33. Nc3 0-1

[Event "Osijek op 3rd"]
[Site "Osijek"]
[Date "2007.12.10"]
[Round "4.3"]
[White "Aleksic, Robert"]
[Black "Lukic, Milutin"]
[Result "1-0"]
[WhiteElo "2208"]
[BlackElo "2117"]
[PlyCount "109"]
[EventDate "2007.12.08"]
[EventType "swiss"]
[EventRounds "9"]
[EventCountry "CRO"]
[SourceTitle "CBM 121 Extra"]
[Source "ChessBase"]
[SourceDate "2008.01.10"]
[SourceVersion "1"]
[SourceVersionDate "2008.01.10"]
[SourceQuality "1"]

1. e4 c6 2. c4 e5 3. Nc3 Bc5 4. Nf3 d6 5. a3 Bg4 6. Be2 Nf6 7. 0-0 h6 8. h3 Bxf3 9. Bxf3 g5 10. d3 Nbd7 11. Ne2 Nf8 12. b4 Bb6 13. Bb2 Ng6 14. Ng3 Nh4 15. Be2 Qe7 16. Nh5 0-0 17. g3 Ng6 18. Bg4 Nxg4 19. hxg4 Qe6 20. Qf3 f6 21. Rab1 Rad8 22. Bc3 Bd4 23. Rfc1 Rd7 24. b5 cxb5 25. Rxb5 Bc5 26. a4 b6 27. Rcb1 Ne7 28. a5 Nc6 29. axb6 axb6 30. Kg2 Ra7 31. Kh3 Nd4 32. Bxd4 Bxd4 33. Re1 Ra2 34. Re2 Rxe2 35. Qxe2 Ra8 36. Rb1 Kf7 37. Rf1 Ra3 38. Kg2 Rb3 39. Qd1 Rb2 40. Qa4 b5 41. cxb5 Qxg4 42. Qc4+ Qe6 43. Qc7+ Qe7 44. Qc8 Qe6 45. Qh8 Ke7 46. Ng7 Qf7 47. Nf5+ Kd7 48. Nxd4 exd4 49. Rc1 Ke6 50. Rc8 Rxb5 51. Rf8 Qg6 52. Rg8 Qh5 53. Rg7 d5 54. Qc8+ Kd6 55. Qc7+ 1-0